000 02066cam a2200433Ia 4500
001 sjds490012
003 sjds
005 20190326160356.0
008 111013t20112011nyu e b 000 0 spa d
020 _a9781455504305 (pbk.)
020 _a1455504300 (pbk.)
035 _a(OCoLC)756847991
035 _z(OCoLC)759363650
040 _aWIV
_cWIV
_dYDXCP
_dJPL
_dSAP
_dGDK
_dBDX
_dIFA
_dUtOrBLW
041 1 _aspa
_heng
049 _aIFAA
099 _aESPANOL 658.4092 MAXWELL 2011
999 _c21987
_d21987
999 _bESPANOL 658.4092 MAXWELL 2011
100 1 _aMaxwell, John C.,
_d1947-
_eauthor.
240 1 0 _a5 levels of leadership.
_lSpanish
245 1 4 _aLos 5 niveles de liderazgo :
_bdemostrados pasos para maximizar su potencial /
_cJohn C. Maxwell.
246 3 _aCinco niveles de liderazgo
250 _aFirst edition.
260 _aNew York :
_bCenter Street,
_cc2011
264 1 _aNew York :
_bCenter Street,
_c[2011]
264 4 _cc2011
300 _aix, 371 pages :
_billustrations ;
_c21 cm
336 _atext
_btxt
_2rdacontent
337 _aunmediated
_bn
_2rdamedia
338 _avolume
_bnc
_2rdacarrier
500 _aTranslation of: The 5 levels of leadership.
504 _aIncludes bibliographical references (p. [368]-371).
505 0 _aUsted puede tener un plan audaz de liderazgo para su vida -- Guía de crecimiento: cómo medir su actual nivel de liderazgo -- Nivel 1: Posición : es un gran lugar para visitar, pero usted no querrá vivir allí -- Nivel 2: Permiso : usted no puede liderar personas a menos que estas le gusten -- Nivel 3: Producción -- Nivel 4: Desarrollo de personas : ayudar a líderes individuales a crecer expande la influencia y el impacto que usted tiene -- Nivel 5: Pináculo : la mayor realización en el liderazgo viene al desarrollar a otros líderes hacia el nivel 4 -- Retrato de un líder de nivel 5: entrenador John Wooden - Notas.
546 _aText in Spanish = Texto en español.
546 _aIn Spanish. Translated from the English.
650 7 _aLiderazgo.
_2bidex
650 0 _aLeadership.
942 _cBK